Statystyki dla Przystanki na linii 16 MZK Koszalin

Kliknij tutaj aby rozwiązać quiz!

Ogólne statystyki

  • Ten quiz został rozwiązany 11 razy
  • Średni wynik to 15 z 17

Statystyki odpowiedzi

NrPrzystanek% Poprawnych
17Os. Bukowe 02
100%
2Cmentarz 01
90%
1Cmentarz 02
90%
7Dworzec PKP 02
90%
16Lelewela 02
90%
5Rondo Solidarności 06
90%
4Samochodówka 01
90%
15Śniadeckich 02
90%
10Wańkowicza 02
90%
6Drzymały 02
80%
11Jana Pawła II 01
80%
9Podgórna 01
80%
14Śniadeckich Hala 02
80%
13Śniadeckich Politechnika 02
80%
12Staszica 01
80%
8Szpital Gruźliczy 02
80%
3Zajezdnia MZK 01
70%

Rozkład punktacji

Percentyl według liczby udzielonych odpowiedzi

Procent ludzi z każdym wynikiem

Twoja historia wyników

Nie rozwiązałeś tego quizu